000 00706nam a2200289Ia 4500
005 20260324115312.0
008 008 260324s9999 xx 000 0 eng d
020 _a9781315119847
037 _aEBOOK
040 _aCRL
040 _beng
040 _cCRL
041 _2eng
041 _aeng
084 _qCRL
100 _aJayajit Das; Ciriyam Jayaprakash
_91154140
245 0 _aSystems Immunology
245 3 _bAn Introduction to Modeling Methods for Scientists
260 _bTaylor and Francis
260 _c2018
365 _a
365 _b465
856 _uhttp://www.taylorfrancis.com/books/9781315119847
942 _cEBOOK
999 _c1744920
_d1744920